Inovatívny podnikateľský model bakalárska práca

Enregistré dans:
Détails bibliographiques
Auteur principal: Záchenský, Miloš
Collectivité auteur: Fakulta podnikového manažmentu EU. Katedra manažmentu
Autres auteurs: Bednár, Richard, 1985-
Format: Livre
Langue:slovaque
Publié: Bratislava 2020
Tags: Ajouter un tag
Pas de tags, Soyez le premier à ajouter un tag!

MARC

LEADER 00000nbm a2200000 4500
001 0266200
005 20201127100551.0
041 0 |a slo 
044 |a SK 
245 1 0 |a Inovatívny podnikateľský model  |b bakalárska práca  |c Miloš Záchenský ; školiteľ: Richard Bednár 
264 1 |a Bratislava  |c 2020 
300 |a 58 s. 
100 1 |a Záchenský, Miloš 
700 1 |a Bednár, Richard, 1985- 
710 2 |a Fakulta podnikového manažmentu EU. Katedra manažmentu